| 000 | 00576nam a22001937a 4500 | ||
|---|---|---|---|
| 005 | 20230217054520.0 | ||
| 008 | 230217b |||||||| |||| 00| 0 eng d | ||
| 020 | _a978-0-485-15378-9 | ||
| 082 | _aFic. R631 1996 | ||
| 100 |
_aRobb, J. O. _eauthor |
||
| 245 |
_aImmortal in death / _cJ. O. Robb |
||
| 260 |
_aNew York: _bBerkley Books, _cc1996. |
||
| 300 | _a312p. | ||
| 490 | _aDeath series | ||
| 541 | _e5514 | ||
| 650 | _aPolicewomen - New York (State) - Fiction | ||
| 650 | _aDallas, Eve (Fictitious character) - Fiction | ||
| 650 | _aDetective and mystery stories | ||
| 999 |
_c1269 _d1269 |
||